000
00315nam a2200121Ia 4500
005
20260326100045.0
008
260326s9999||||xx |||||||||||||| ||und||
100
_a
Vilamajó, Julián
245
0
_a
La Casa del Arquitecto /
_c
Julián Vilamajó
260
_b
Matutina
650
_a
ARQUITECTURA RESIDENCIAL
942
_c
BK
999
_c
7166
_d
7166